From Nomadism to Monarchy : (Record no. 9886)
[ view plain ]
| 000 -LEADER | |
|---|---|
| fixed length control field | 02795nam a2200409 a 4500 |
| 001 - CONTROL NUMBER | |
| control field | 2569349 |
| 003 - CONTROL NUMBER IDENTIFIER | |
| control field | OSt |
| 005 - DATE AND TIME OF LATEST TRANSACTION | |
| control field | 20210205114739.0 |
| 008 - FIXED-LENGTH DATA ELEMENTS--GENERAL INFORMATION | |
| fixed length control field | 940928s1994 is a b 001 0 eng d |
| 010 ## - LIBRARY OF CONGRESS CONTROL NUMBER | |
| LC control number | 95168211 |
| 020 ## - INTERNATIONAL STANDARD BOOK NUMBER | |
| International Standard Book Number | 9652171174 (Yad Izhak BenZvi) |
| 020 ## - INTERNATIONAL STANDARD BOOK NUMBER | |
| International Standard Book Number | 1880317206 (BAS) |
| 035 ## - SYSTEM CONTROL NUMBER | |
| System control number | (OCoLC)31190133 |
| 040 ## - CATALOGING SOURCE | |
| Original cataloging agency | OU |
| Transcribing agency | OU |
| Modifying agency | OMtvN |
| -- | NN |
| -- | DLC |
| 041 1# - LANGUAGE CODE | |
| Language code of text/sound track or separate title | eng |
| Language code of original | heb |
| 042 ## - AUTHENTICATION CODE | |
| Authentication code | lccopycat |
| 043 ## - GEOGRAPHIC AREA CODE | |
| Geographic area code | a-is--- |
| 050 00 - LIBRARY OF CONGRESS CALL NUMBER | |
| Classification number | DS111.A2 |
| Item number | F499F |
| 082 00 - DEWEY DECIMAL CLASSIFICATION NUMBER | |
| Classification number | 933 |
| Edition number | 20 |
| Item number | F499F |
| 245 00 - TITLE STATEMENT | |
| Title | From Nomadism to Monarchy : |
| Remainder of title | archaeological and historical aspects of early Israel / |
| Statement of responsibility, etc. | edited by Israel Finkelstein and Nadav Na'aman. |
| 260 ## - PUBLICATION, DISTRIBUTION, ETC. | |
| Place of publication, distribution, etc. | Jerusalem : |
| Name of publisher, distributor, etc. | Yad Izhak Ben-Zvi : |
| -- | Israel Exploration Society ; |
| Place of publication, distribution, etc. | Washington : |
| Name of publisher, distributor, etc. | Biblical Archaeology Society, |
| Date of publication, distribution, etc. | c1994. |
| 300 ## - PHYSICAL DESCRIPTION | |
| Extent | 399 p. : |
| Other physical details | ill. ; |
| Dimensions | 25 cm. |
| 500 ## - GENERAL NOTE | |
| General note | "This is an extended and updated version of the Hebrew book [Mi-naṿadut li-melukhah] (published in Jerusalem in 1990) ... All the articles were revised and updated, and two papers are published in this volume for the first time"--P. 14. |
| 504 ## - BIBLIOGRAPHY, ETC. NOTE | |
| Bibliography, etc. note | Includes bibliographical references and indexes. |
| 505 2# - FORMATTED CONTENTS NOTE | |
| Formatted contents note | Upper Galilee in the Late Bronze-Iron I transition / Rafael Frankel -- Iron I in Lower Galilee and the margins of the Jezreel Valley / Zvi Gal -- "To the land of the Perizzites and the Giants": on the Israelite settlement in the hill country of Manasseh / Adam Zertal -- Jerusalem and its vicinity in Iron Age I / Amihai Mazar -- "All the hill country of Judah": from a settlement fringe to a prosperous monarchy / Avi Ofer -- The Beer-Sheba Valley: from nomadism to monarchy / Ze'ev Herzog -- The emergence of Israel: a phase in the cyclic history of Canaan in the third and second millenia BCE / Israel Finkelstein -- Socio-political transformations in the central hill country in the Late Bronze-Iron I transition / Shlomo Bunimovitz -- Theoretical speculations on the transition from nomadism to monarchy / Juval Portugali -- The "Conquest of Canaan" in the Book of Joshua and in history -- Nadav Na'aman -- Egyptians, Canaanites, and Philistines in the period of the emergence of Israel / Itamar Singer -- Subsistence economy in Iron Age I / Baruch Rosen. |
| 505 2# - FORMATTED CONTENTS NOTE | |
| Formatted contents note | The cult-stands from Taanach: aspects of the iconographic tradition of Early Iron Age cult objects in Palestine / Pirhiya Beck. |
| 650 #0 - SUBJECT ADDED ENTRY--TOPICAL TERM | |
| Topical term or geographic name entry element | Jews |
| General subdivision | History |
| Chronological subdivision | To 1200 B.C. |
| 650 #0 - SUBJECT ADDED ENTRY--TOPICAL TERM | |
| Topical term or geographic name entry element | Bronze age |
| Geographic subdivision | Palestine. |
| 650 #0 - SUBJECT ADDED ENTRY--TOPICAL TERM | |
| Topical term or geographic name entry element | Iron age |
| Geographic subdivision | Palestine. |
| 651 #0 - SUBJECT ADDED ENTRY--GEOGRAPHIC NAME | |
| Geographic name | Palestine |
| General subdivision | Antiquities. |
| 700 1# - ADDED ENTRY--PERSONAL NAME | |
| Personal name | Finkelstein, Israel. |
| 700 1# - ADDED ENTRY--PERSONAL NAME | |
| Personal name | Naʾaman, Nadav. |
| 730 0# - ADDED ENTRY--UNIFORM TITLE | |
| Uniform title | Mi-naṿadut li-melukhah. |
| 906 ## - LOCAL DATA ELEMENT F, LDF (RLIN) | |
| a | 7 |
| b | cbc |
| c | copycat |
| d | u |
| e | ncip |
| f | 19 |
| g | y-gencatlg |
| 942 ## - ADDED ENTRY ELEMENTS (KOHA) | |
| Source of classification or shelving scheme | Dewey Decimal Classification |
| Koha item type | Books |
| Withdrawn status | Lost status | Source of classification or shelving scheme | Damaged status | Not for loan | Collection code | Home library | Current library | Shelving location | Date acquired | Total Checkouts | Full call number | Barcode | Date last seen | Price effective from | Koha item type |
|---|---|---|---|---|---|---|---|---|---|---|---|---|---|---|---|
| Dewey Decimal Classification | Non-fiction | Harvest Mission College | Harvest Mission College | General Stacks | 09.02.2021 | 933 F499F | 011342 | 09.02.2021 | 09.02.2021 | Books |
